| 000 | 00418nam a2200181Ia 4500 | ||
|---|---|---|---|
| 005 | 20240823011335.0 | ||
| 008 | 240823s9999||||xx |||||||||||||| ||und|| | ||
| 041 | _aENGLISH | ||
| 082 | _A808.0665 N2 | ||
| 100 | _a"Doherty,Michael" | ||
| 245 | 0 | _aWriting for Excellence | |
| 250 | _a1st | ||
| 260 |
_c1992 _b"MGH,London" |
||
| 500 | _aTransfered | ||
| 650 |
_aGeneral _bGeneral |
||
| 942 | _cBK | ||
| 999 |
_c161245 _d161245 |
||